MARC

LEADER 00000nam0a2200000 4500
001 271416
005 20231031225331.0
035 |a (RuTPU)RU\TPU\book\294598 
090 |a 271416 
100 |a 20141007d1987 k y0rusy50 ca 
101 0 |a rus 
102 |a RU 
105 |a a z 001zy 
200 1 |a Системное исследование технологии проведения горных выработок буровзрывным способом  |f Г. С. Черепанов  |g Академия наук СССР (АН СССР), Институт горного дела им. А. А. Скочинского (ИГД) 
210 |a Москва  |c Наука  |d 1987 
215 |a 140 с.  |c ил. 
320 |a Библиогр.: с. 136-140 
606 1 |a Горные выработки  |2 stltpush  |3 (RuTPU)RU\TPU\subj\7780 
610 1 |a проведение 
610 1 |a буровзрывные способы 
610 1 |a технологии 
610 1 |a системные исследования 
610 1 |a методология 
610 1 |a проходческие комплексы 
610 1 |a горные массы 
610 1 |a крепления 
675 |a 622.261  |v 4 
700 1 |a Черепанов  |b Г. С.  |g Геннадий Степанович 
712 0 2 |a Академия наук СССР (АН СССР)  |b Институт горного дела им. А. А. Скочинского (ИГД)  |c (Люберцы)  |2 stltpush  |3 (RuTPU)RU\TPU\col\11351 
801 1 |a RU  |b 63413507  |c 20141007 
801 2 |a RU  |b 63413507  |c 20170309  |g RCR 
942 |c BK